00585 a2200181 4500001000700000003000400007005001700011008004100028082001800069100001800087245005200105260003200157300001000189690006500199942001200264999001500276952011200291132099OSt20211011112730.0  a621.366bK52F1 aKhanin, Ya I.1 aFundamentals of laser dynamicscby Ya I. Khanin aNew DelhibViva Booksc2008 a361p. aLasers; Quantum electronics; Mechanical engineering; Physics 2ddccBK c6484d6484 00102ddc40708TXBaCURAJbCURAJd2012-06-08ePHYg995.00o621.366 K52Fp8880r2024-11-21w2020-09-02yBK